Statistics for 1983年8月時点の急行つくばねの停車駅

Click here to take the quiz!

General Stats

  • This quiz has been taken 24 times
  • The average score is 15 of 21

Answer Stats

Answer% Correct
上野
100%
大宮
100%
水戸
100%
赤羽
95%
久喜
95%
古河
95%
友部
90%
勝田
86%
結城
86%
笠間
76%
下館
76%
赤塚
76%
間々田
71%
岩瀬
71%
内原
67%
宍戸
48%
新治
43%
川島
38%
羽黒
38%
福原
38%
稲田
38%

Score Distribution

Percentile by Number Answered

Percent of People with Each Score

Your Score History

You have not taken this quiz